US states ordered by largest natural lake - Statistics

General Stats
  • This quiz has been taken 20 times
    14 since last reset
  • The average score is 34 of 49
Answer Stats
Name Area Answer % Correct
Lake Superior 16,000 sq mi Michigan
92%
Lake Superior 1,504 sq mi Minnesota
92%
Lake Ontario 3,518 sq mi New York
92%
Lake Michigan 1,576 sq mi Illinois
83%
Lake Erie 3,546 sq mi Ohio
83%
Lake Michigan 7,358 sq mi Wisconsin
83%
Lake Tahoe 127 sq mi California
75%
Lake Michigan 234 sq mi Indiana
75%
Big Spirit Lake 8 sq mi Iowa
75%
Pyramid Lake 183 sq mi Nevada
75%
Lake Hoptacong 4 sq mi* New Jersey
75%
Sabine Lake 35 sq mi** Texas
75%
Great Salt Lake 2,117 sq mi Utah
75%
Lake Jackson .63 sq mi Alabama
67%
Grand Lake .79 sq mi Colorado
67%
Bantam Lake 1.47 sq mi Connecticut
67%
Silver Lake .04 sq mi Delaware
67%
Lake Okeechobee 662 sq mi Florida
67%
Halulu Lake 1.31 sq mi Hawaii
67%
Lake Pend Orielle 148 sq mi Idaho
67%
Lake Inman .25 sq mi Kansas
67%
Swan Lake .46 sq mi Kentucky
67%
Lake Pontchartrain 631 sq mi Louisiana
67%
"Little Patuxent Oxbow Lake" .078 sq mi Maryland
67%
Lake Washington 4.6 sq mi Mississippi
67%
Creve Couer Lake .5 sq mi Missouri
67%
Flathead Lake 192 sq mi Montana
67%
Crescent Lake 1.5 sq mi Nebraska
67%
Lake Winnepesaukee 71 sq mi New Hampshire
67%
Burford/Stinking Lake 1.6 sq mi New Mexico
67%
Devils Lake 300 sq mi North Dakota
67%
Forty-one Cutoff Lake .425 sq mi Oklahoma
67%
Klamath Lake 96 sq mi Oregon
67%
Lake Erie 749 sq mi Pennsylvania
67%
Lake Thompson 25.36 sq mi South Dakota
67%
Reelfoot Lake 23 sq mi Tennessee
67%
Lake Champlain 320 sq mi** Vermont
67%
Lake Chelan 52 sq mi* Washington
67%
Trout Pond .0004 sq mi* West Virginia
67%
Iliamna Lake 1,014 sq mi Alaska
58%
Mormon Lake 12 sq mi Arizona
58%
Lake Chicot 7.8 sq mi Arkansas
58%
Assawompsett Pond 4 sq mi Massachusetts
58%
Lake Mattamuskeet 47 sq mi North Carolina
58%
Worden Pond 1.6 sq mi Rhode Island
58%
Schultz Lake .008 sq mi South Carolina
58%
Yellowstone Lake 136 sq mi Wyoming
58%
Moosehead Lake 117 sq mi Maine
50%
Lake Drummond 5 sq mi Virginia
50%
No matching quizzes found
Score Distribution
Percent of People with Each Score
Percentile by Number Answered
Your Score History
You have not taken this quiz since the last reset